000 01184nam a2200289Ia 4500
001 ebr10713435
003 CaPaEBR
006 m o u
007 cr cn|||||||||
008 130531s2005 njua sb 001 0 eng d
020 _z9789812561640
020 _z9789812701213 (ebook)
040 _aCaPaEBR
_cCaPaEBR
035 _a(OCoLC)849917000
050 1 4 _aHG152
_b.A382 2005eb
245 0 0 _aAdvances in quantitative analysis of finance and accounting
_h[electronic resource] .
_nVolume 2,
_pNew series /
_ceditor, Cheng-Few Lee.
260 _aHackensack, NJ :
_bWorld Scientific,
_cc2005.
300 _axiv, 220 p. :
_bill.
504 _aIncludes bibliographical references and index.
533 _aElectronic reproduction.
_bPalo Alto, Calif. :
_cebrary,
_d2013.
_nAvailable via World Wide Web.
_nAccess may be limited to ebrary affiliated libraries.
650 0 _aFinance
_xMathematical models.
650 0 _aAccounting
_xMathematical models.
655 7 _aElectronic books.
_2local
700 1 _aLee, Cheng F.
710 2 _aebrary, Inc.
856 4 0 _uhttp://site.ebrary.com/lib/rucke/Doc?id=10713435
_zAn electronic book accessible through the World Wide Web; click to view
999 _c1076
_d1076